Southville International School and Colleges
Your cart is empty.
  • Cart
  • Lists
    Public lists Eva Luna New books Lux_list list_1
    Your lists Log in to create your own lists
  • Log in to your account
  • Your cookies
  • Search history
Southville International School and Colleges
  • Advanced search
  • Recent comments
  • Most popular
  • Libraries

Log in to your account

Log in with GOOGLE


If you do not have an external account, but do have a local account, you can still log in:

  1. Home
  2. MARC view: Strategic management/.
Normal view MARC view ISBD view

Strategic management/. (Record no. 21712)

[ view plain ]
MARC details
000 -LEADER
fixed length control field 00632nam a2200217 a 4500
005 - DATE AND TIME OF LATEST TRANSACTION
control field 20140310183337.0
008 - FIXED-LENGTH DATA ELEMENTS--GENERAL INFORMATION
fixed length control field 061024s19uu xx 00 eng d
020 ## - INTERNATIONAL STANDARD BOOK NUMBER
International Standard Book Number 0-25613619-x
050 ## - LIBRARY OF CONGRESS CALL NUMBER
Classification number HD 30.28
Item number .B899 1996
100 ## - MAIN ENTRY--PERSONAL NAME
Personal name Byars, Lloyd L.
245 ## - TITLE STATEMENT
Title Strategic management/.
Statement of responsibility, etc Lloyd L. Byars, Leslie W. Rue, Shaker A. Zahra
260 ## - PUBLICATION, DISTRIBUTION, ETC. (IMPRINT)
Place of publication, distribution, etc Chicago :
Name of publisher, distributor, etc Irwin,
Date of publication, distribution, etc 1996.
300 ## - PHYSICAL DESCRIPTION
Extent 1043 p. :
Other physical details col. ill. ;
Dimensions 24 cm.
521 ## - TARGET AUDIENCE NOTE
Target audience note
546 ## - LANGUAGE NOTE
Language note C7772
650 ## - SUBJECT ADDED ENTRY--TOPICAL TERM
Topical term or geographic name as entry element Strategic planning.
650 ## - SUBJECT ADDED ENTRY--TOPICAL TERM
Topical term or geographic name as entry element Strategic planning
General subdivision Case studies.
700 ## - ADDED ENTRY--PERSONAL NAME
Personal name Rue, Leslie W.
700 ## - ADDED ENTRY--PERSONAL NAME
Personal name Zahra, Shaker A.
942 ## - ADDED ENTRY ELEMENTS (KOHA)
Koha item type Books
Source of classification or shelving scheme Library of Congress Classification
Call number prefix Foreign
Holdings
Withdrawn status Lost status Source of classification or shelving scheme Damaged status Home library Current library Shelving location Date acquired Total Checkouts Full call number Barcode Date last seen Date checked out Price effective from Koha item type
    Library of Congress Classification   College Library College Library General Circulation Section 12/04/2013 1 HD 30.28 .B899 1996 C7772 05/15/2018 09/11/2014 12/04/2013 Books

Strategic management/.

APA

Byars L. L., Rue L. W. & Zahra S. A. (1996). Strategic management. Chicago: Irwin.

Chicago

Byars Lloyd L, Rue Leslie W and Zahra Shaker A. 1996. Strategic management. Chicago: Irwin.

Harvard

Byars L. L., Rue L. W. and Zahra S. A. (1996). Strategic management. Chicago: Irwin.

MLA

Byars Lloyd L, Rue Leslie W and Zahra Shaker A. Strategic management. Chicago: Irwin. 1996.

  • Place hold
  • Print
  • Cite
  • Add to your cart (remove)
  • Save record
    BIBTEX Dublin Core MARCXML MARC (non-Unicode/MARC-8) MARC (Unicode/UTF-8) MARC (Unicode/UTF-8, Standard) MODS (XML) RIS
  • More searches
    Search for this title in:
    Other Libraries (WorldCat) Other Databases (Google Scholar) Online Stores (Bookfinder.com) Open Library (openlibrary.org)

Exporting to Dublin Core...

SOUTHVILLE LIBRARY

Southville International School and Colleges Library

1281 Tropical Ave. Cor. Luxembourg St., BF Homes International, Las Pinas City

Tel. No. 8256374 / 252358 Loc. 117/146

Powered by Koha